| 000 | 00441nam a22001577a 4500 | ||
|---|---|---|---|
| 003 | OSt | ||
| 005 | 20220909213039.0 | ||
| 008 | 220909b |||||||| |||| 00| 0 eng d | ||
| 040 | _cBiblioteca Lado V | ||
| 082 |
_a779.946 _bP969h |
||
| 110 | _aProyecto Desbordes | ||
| 245 | _aHallan ciudad perdida/ | ||
| 260 |
_aMexico _bCooperativa Crater Invertido |
||
| 300 |
_a6p. _c13x20cm |
||
| 942 |
_2ddc _c1 _h779.946 _iP969h _n0 |
||
| 999 |
_c1989 _d1989 |
||